00309 a2200109 450000500170000002000180001708200150003524500400005026000460009030000480013670000150018420250430170323.0 a0-87226-126-3 a820.9 RIC  aEnglish Poetry and Prose 1540-1674  aNew York, bPeter Bedrick Books, c1970.  avii, 468p., bIndex, Bibliography, c23cm.  aRICKS, C.